The Development of Chosen Social and Economic Indicators in Rural Areas of the Slovak Republic
Štúdium vývoja určitých sociálnych a ekonomických ukazovateľov v dvoch typoch regiónov: mestských a dedinských. Analýza vývoja obyvateľov v daných oblastiach a sústredenie sa na stredný vek. Trend sťahovania ľudí z mestských do vidieckych oblastí a klesajúci záujem o prácu v poľnohospodárstve.
Gespeichert in:
| 1. Verfasser: | |
|---|---|
| Weitere Verfasser: | |
| Format: | Buchkapitel |
| Sprache: | Englisch |
| Schlagworte: | |
| Tags: |
Keine Tags, Fügen Sie das erste Tag hinzu!
|
MARC
| LEADER | 00000naa a2200000 4500 | ||
|---|---|---|---|
| 001 | 0257644 | ||
| 005 | 20221104110229.0 | ||
| 041 | 0 | |a eng | |
| 044 | |a SK | ||
| 245 | 1 | 0 | |a The Development of Chosen Social and Economic Indicators in Rural Areas of the Slovak Republic |c Marián Kováčik, Eva Žuffová |
| 520 | |a Štúdium vývoja určitých sociálnych a ekonomických ukazovateľov v dvoch typoch regiónov: mestských a dedinských. Analýza vývoja obyvateľov v daných oblastiach a sústredenie sa na stredný vek. Trend sťahovania ľudí z mestských do vidieckych oblastí a klesajúci záujem o prácu v poľnohospodárstve. | ||
| 610 | 2 | 0 | |a obyvateľstvo |
| 610 | 2 | 0 | |a vidiek |
| 610 | 2 | 0 | |a mestá |
| 610 | 2 | 0 | |a ukazovatele demografické |
| 610 | 2 | 0 | |a ukazovatele štatistické |
| 610 | 2 | 0 | |a ukazovatele sociálno-ekonomické |
| 100 | 1 | |a Kováčik, Marián | |
| 700 | 1 | |a Žuffová, Eva | |